Oración fúnebre á la buena memoria del eminentísimo Sr. D. Pedro de Quevedo y Quintano presbítero cárdenal de la S.I.R. Obispo de Orense (Record no. 174424)

MARC details
000 -LEADER
campo de control de longitud fija 01070nam a2200229 i 4500
001 - NÚMERO DE CONTROL
campo de control 174424
003 - IDENTIFICADOR DE NÚMERO DE CONTROL
campo de control ES-MaACL
005 - FECHA Y HORA DE LA ÚLTIMA TRANSACCIÓN
campo de control 20250831121550.0
008 - DATOS DE LONGITUD FIJA--INFORMACIÓN GENERAL
campo de control de longitud fija 100420s1818 sp |||| | spa d
100 1# - ENTRADA PRINCIPAL--NOMBRE DE PERSONA
Nombre de persona Bedoya, Juan Manuel.
9 (RLIN) 27006
245 10 - MENCIÓN DEL TÍTULO
Título Oración fúnebre á la buena memoria del eminentísimo Sr. D. Pedro de Quevedo y Quintano presbítero cárdenal de la S.I.R. Obispo de Orense
Resto del título : que en las solemnes exequias... de esta Ciudad el dia 15 de Abril de 1818 /
Mención de responsabilidad, etc. dixo el Dr. D. Juan Manuel Bedoya.
260 ## - PUBLICACIÓN, DISTRIBUCIÓN, ETC.
Lugar de publicación, distribución, etc. En Santiago :
Nombre del editor, distribuidor, etc. en la imprenta de D. Juan Bautista Moldes,
Fecha de publicación, distribución, etc. 1818.
300 ## - DESCRIPCIÓN FÍSICA
Extensión 44 p. ;
Dimensiones 21 cm.
530 ## - NOTA DISPONIBLE DE FORMULARIO FÍSICO ADICIONAL
Nota de formato físico adicional disponible Disponible en formato digital.
600 27 - PUNTO DE ACCESO ADICIONAL DE MATERIA--NOMBRE DE PERSONA
Nombre de persona Quevedo Quintano, Pedro,
Fechas asociadas al nombre 1736-1818-
Subdivisión general Biografías
Fuente del encabezamiento o término
9 (RLIN) 131513
650 #4 - PUNTO DE ACCESO ADICIONAL DE MATERIA--TÉRMINO DE MATERIA
Término de materia o nombre geográfico como elemento de entrada Oraciones fúnebres.
9 (RLIN) 136619
700 1# - ENTRADA AGREGADA--NOMBRE PERSONAL
Nombre de persona Moldes, Juan Bautista.
9 (RLIN) 142534
852 4# - LOCALIZACIÓN
Ubicación BA
Número de control de estantería 2256-F-11
Ubicación en estantería Depósito folletos
Nota libre Revisado enlace: 04 de Mayo de 2025
856 ## - LOCALIZACIÓN Y ACCESO ELECTRÓNICOS
Identificador Uniforme de Recursos <a href="http://bdh-rd.bne.es/viewer.vm?id=0000112651&page=1 ">http://bdh-rd.bne.es/viewer.vm?id=0000112651&page=1 </a>
Texto de enlace Biblioteca Digital Hispánica
942 ## - ELEMENTOS DE ENTRADA SECUNDARIOS (KOHA)
Fuente del sistema de clasificación o colocación Clasificación decimal universal
Holdings
Estatus retirado Estado de pérdida Fuente del sistema de clasificación o colocación Estado de daño No para préstamo Colección Biblioteca de origen Biblioteca actual Ubicación en estantería Fecha de adquisición Total de préstamos Signatura topográfica completa Código de barras Visto por última vez Precio de reemplazo Tipo de ítem Koha
    Clasificación decimal universal     Biblioteca Digital del Ateneo de Madrid Biblioteca del Ateneo de Madrid Biblioteca del Ateneo de Madrid Depósito folletos 20/04/2010   2256-F-11 1183080 23/02/2023 23/02/2023 Folleto